EL SEXENIO DE MIGUEL ALEMAN: GOBIERNO, OBREROS Y EMPRESARIOS /

Збережено в:
Бібліографічні деталі
Інші автори: Chanona Burguete, Alejandro (autor) (autor)
Формат: Книга
Предмети:
Теги: Додати тег
Немає тегів, Будьте першим, хто поставить тег для цього запису!

MARC

LEADER 00000nam^a2200000^a^4500
001 000224630
005 20250521000000.0
009 20260310104055.666
035 |a 043574 
037 |a Acervo Xavier Clavigero 
082 |a 354. 72  |b SEX 
245 1 3 |a EL SEXENIO DE MIGUEL ALEMAN:  |b GOBIERNO, OBREROS Y EMPRESARIOS /  |c ALEJANDRO CHANONA ...[ ET AL.] 
264 |a México :  |b UNAM, Facultad de Ciencias Políticas y Sociales,  |c 1985 
300 |a 110 p. 
336 |a texto  |b txt  |2 rdacontenido 
337 |a sin mediación  |b n  |2 rdamedio 
338 |a volumen  |b nc  |2 rdasoporte 
649 |a XX 
650 |a Alemán Valdés, Miguel 
650 |a Política -  |z México 
700 |a Chanona Burguete, Alejandro  |e (autor) 
910 |a Fondo General 
920 |a Impresos - Libros 
930 |a Colección General 
905 |a 101 
901 |a 043574  |b IT1  |c ACC  |i 043574  |u 20250521 
902 |a https://opac.biblio.iteso.mx/vufind/Record/000224630